000 00305nam a2200133Ia 4500
008 191201s2009 xx 000 0 und d
100 _aGROVER,G.K
245 0 _aMechanical Vibrations
250 _a8TH
260 _aN. Delhi
_bNem Chand
_c2009
300 _a436
650 _aM.Tech (ME)
942 _2ddc
_cBK
999 _c5090
_d5090